[Event "interzonal (w)"]
[Site "Havana CUB"]
[Date "1985.??.??"]
[Round "1"]
[White "Ioseliani, Nana"]
[Black "An Yangfeng"]
[Result "1-0"]
[WhiteElo "2275"]
[BlackElo "2050"]
[EventDate "1985.07.01"]
[PlyCount "73"]

1.e4 g6 2.d4 Bg7 3.Nc3 d6 4.f4 Nf6 5.Nf3 c5 6.Bb5+ Bd7 7.e5 Ng4 8.Bxd7+ 
Qxd7 9.d5 dxe5 10.h3 e4 11.Nxe4 Nf6 12.Nxf6+ Bxf6 13.O-O O-O 14.c4 b5 15.
Ne5 Qd6 16.cxb5 Rd8 17.Be3 Nd7 18.Nc6 Re8 19.Qc2 a6 20.a4 e6 21.dxe6 Rxe6 
22.Rad1 Qc7 23.Bxc5 axb5 24.axb5 Nxc5 25.Qxc5 Bxb2 26.Rfe1 Rxe1+ 27.Rxe1 
Qxf4 28.b6 Kg7 29.Qf2 Bc1 30.b7 Qxf2+ 31.Kxf2 Ra2+ 32.Re2 Rxe2+ 33.Kxe2 
Bf4 34.Kf3 Bc7 35.b8=Q Bxb8 36.Nxb8 Kf6 37.Kf4 1-0

[Event "interzonal (w)"]
[Site "Havana CUB"]
[Date "1985.??.??"]
[Round "2"]
[White "Cramling, Pia"]
[Black "Shterenberg, Nava"]
[Result "1-0"]
[WhiteElo "2400"]
[BlackElo "2135"]
[EventDate "1985.07.01"]
[PlyCount "69"]

1.Nf3 Nf6 2.c4 g6 3.Nc3 Bg7 4.e4 d6 5.d4 O-O 6.Be2 e5 7.O-O h6 8.Qc2 exd4 
9.Nxd4 Re8 10.Be3 Ng4 11.Bxg4 Bxg4 12.Qd2 Kh7 13.f4 Qh4 14.f5 Nd7 15.Ndb5 
Rec8 16.Bf2 Qh5 17.Nd5 Be5 18.Nf4 Qg5 19.Be3 gxf5 20.h3 Bh5 21.Nd5 f4 22.
Bxf4 Bxf4 23.Nxf4 Ne5 24.Kh1 a6 25.Nc3 Nxc4 26.Qd4 Ne5 27.Nxh5 Qxh5 28.Nd5
Qg5 29.Rf5 Qg7 30.Raf1 Kh8 31.Qd2 Re8 32.Rh5 Nd7 33.Nxc7 Rac8 34.Nxe8 Rxe8
35.Qxd6 1-0

[Event "interzonal (w)"]
[Site "Havana CUB"]
[Date "1985.??.??"]
[Round "2"]
[White "Nutu, Daniela"]
[Black "Savereide, Diane"]
[Result "1-0"]
[WhiteElo "2155"]
[BlackElo "2185"]
[EventDate "1985.07.01"]
[PlyCount "55"]

1.Nf3 Nf6 2.c4 c5 3.Nc3 b6 4.e4 d6 5.d4 cxd4 6.Nxd4 Bb7 7.Bd3 e6 8.O-O Be7
9.b3 O-O 10.Bb2 Nbd7 11.Qe2 Nc5 12.Bc2 Rc8 13.Rad1 Qc7 14.f4 d5 15.Ndb5 
Qb8 16.exd5 Rfd8 17.b4 Na6 18.a3 Nc7 19.dxe6 Nxe6 20.f5 Nf4 21.Qxe7 Nxg2 
22.Nd6 Rd7 23.Nxc8 Rxe7 24.Rd8+ Re8 25.Ne7+ Kf8 26.Rxb8 Rxb8 27.Ned5 Nxd5 
28.Nxd5 1-0

[Event "interzonal (w)"]
[Site "Havana CUB"]
[Date "1985.??.??"]
[Round "2"]
[White "Alexandria, Nana"]
[Black "Akhmilovskaya, Elena"]
[Result "1-0"]
[WhiteElo "2275"]
[BlackElo "2245"]
[EventDate "1985.07.01"]
[PlyCount "81"]

1.d4 d5 2.c4 e6 3.Nf3 Nf6 4.Nc3 Be7 5.Bg5 O-O 6.e3 h6 7.Bh4 b6 8.Qc2 Bb7 
9.Bxf6 Bxf6 10.cxd5 exd5 11.O-O-O c5 12.dxc5 Nd7 13.c6 Bxc6 14.Nd4 Bb7 15.
Kb1 a6 16.g4 Ne5 17.Be2 b5 18.h4 b4 19.Na4 Rc8 20.Qb3 Nc6 21.g5 Nxd4 22.
exd4 Be7 23.gxh6 g6 24.f4 Bd6 25.h5 Qf6 26.hxg6 fxg6 27.Rhg1 Kh8 28.Nc5 
Bxc5 29.dxc5 a5 30.Bd3 Rg8 31.Qc2 d4 32.h7 Rg7 33.Rxg6 Rxg6 34.Bxg6 Qxf4 
35.Bd3 Qe5 36.Rf1 Bd5 37.Qf2 Be4 38.Qe2 Bxd3+ 39.Qxd3 Qxc5 40.Qg6 Rf8 41.
Rf7 1-0

[Event "interzonal (w)"]
[Site "Havana CUB"]
[Date "1985.??.??"]
[Round "3"]
[White "Sakhatova, Gulnar"]
[Black "Alexandria, Nana"]
[Result "1/2-1/2"]
[WhiteElo "2070"]
[BlackElo "2275"]
[EventDate "1985.07.01"]
[PlyCount "81"]

1.d4 Nf6 2.c4 e6 3.Nf3 b6 4.e3 Bb7 5.Bd3 Bb4+ 6.Nc3 c5 7.O-O O-O 8.a3 Bxc3
9.bxc3 h6 10.a4 d6 11.a5 Nc6 12.axb6 axb6 13.Bd2 Rxa1 14.Qxa1 Na5 15.Qb1 
Ba6 16.Qa2 Qc7 17.Rc1 d5 18.Ne5 Rc8 19.cxd5 Bxd3 20.d6 Qxd6 21.Nxd3 Ng4 
22.h3 Qh2+ 23.Kf1 c4 24.Nf4 e5 25.hxg4 exf4 26.f3 fxe3 27.Bxe3 Re8 28.Qf2 
Qd6 29.Rd1 Qd5 30.Bf4 Nc6 31.Rb1 b5 32.Qb2 g5 33.Bg3 b4 34.cxb4 Qxd4 35.
Qxd4 Nxd4 36.b5 Ne2 37.Bc7 c3 38.b6 c2 39.Ra1 c1=Q+ 40.Rxc1 Nxc1 41.b7 
1/2-1/2

[Event "interzonal (w)"]
[Site "Havana CUB"]
[Date "1985.??.??"]
[Round "3"]
[White "Frometa Castillo, Zirka"]
[Black "Veroci-Petronic, Zsuzsa"]
[Result "1-0"]
[WhiteElo "2090"]
[BlackElo "2280"]
[EventDate "1985.07.01"]
[PlyCount "97"]

1.d4 Nf6 2.Nf3 g6 3.Bg5 Bg7 4.Nbd2 O-O 5.e4 d6 6.Bd3 h6 7.Bh4 Nh5 8.c3 c5 
9.dxc5 dxc5 10.Nb3 Qc7 11.Be2 b6 12.O-O Bb7 13.Nfd2 Nf4 14.Bc4 Nc6 15.Bg3 
Kh7 16.Nc1 Rad8 17.Qc2 e5 18.Bxf4 exf4 19.Bd5 Ne5 20.c4 Nc6 21.Nd3 Nd4 22.
Qd1 Bc8 23.Rb1 f5 24.f3 g5 25.Kh1 Rde8 26.a3 Be6 27.Re1 fxe4 28.Bxe4+ Kh8 
29.Qa4 Bd7 30.Qa6 Rd8 31.b4 cxb4 32.axb4 Bf5 33.c5 b5 34.Qa5 Qd7 35.Nf2 
Nc2 36.Re2 Bxe4 37.Ndxe4 Nd4 38.Ree1 Be5 39.h3 Rde8 40.Nd3 Nxf3 41.Nxe5 
Rxe5 42.Qa1 Kh7 43.Rbd1 Qf5 44.Nd6 Rxe1+ 45.Rxe1 Qd7 46.Qb1+ Kh8 47.Qb2+ 
Kh7 48.Qc2+ Kh8 49.Qc3+ 1-0

[Event "interzonal (w)"]
[Site "Havana CUB"]
[Date "1985.??.??"]
[Round "3"]
[White "Ioseliani, Nana"]
[Black "Cramling, Pia"]
[Result "1/2-1/2"]
[WhiteElo "2275"]
[BlackElo "2400"]
[EventDate "1985.07.01"]
[PlyCount "43"]

1.e4 Nf6 2.e5 Nd5 3.d4 d6 4.c4 Nb6 5.f4 dxe5 6.fxe5 Nc6 7.Be3 Bf5 8.Nf3 e6
9.Nc3 Qd7 10.Be2 Rd8 11.O-O Bg4 12.Ng5 Nxc4 13.Rxf7 Nxe3 14.Rxd7 Nxd1 15.
Rxd8+ Nxd8 16.Bxg4 Ne3 17.Bh5+ g6 18.Bf3 Be7 19.Nge4 Nc6 20.Ne2 O-O 21.Rc1
Nf5 22.Nf6+ 1/2-1/2

[Event "interzonal (w)"]
[Site "Havana CUB"]
[Date "1985.??.??"]
[Round "3"]
[White "Savereide, Diane"]
[Black "Walker, Susan"]
[Result "0-1"]
[WhiteElo "2185"]
[BlackElo "2010"]
[EventDate "1985.07.01"]
[PlyCount "64"]

1.e4 e6 2.d4 d5 3.Nd2 Nf6 4.e5 Nfd7 5.Bd3 c5 6.c3 Nc6 7.Ne2 cxd4 8.cxd4 f6
9.exf6 Nxf6 10.O-O Bd6 11.Nf3 Qc7 12.g3 Nh5 13.Nc3 a6 14.Re1 Nf6 15.Ng5 
O-O 16.Nxe6 Bxe6 17.Rxe6 Nxd4 18.Bxh7+ Kxh7 19.Qxd4 Qd7 20.Qh4+ Kg8 21.Re2
Rac8 22.Bd2 Kf7 23.Rd1 Rh8 24.Qa4 Qh3 25.f4 Bc5+ 26.Be3 Bxe3+ 27.Rxe3 
Qxh2+ 28.Kf1 Qxb2 29.Ne2 Rc4 30.Qb3 Rh1+ 31.Ng1 Qh2 32.Qxb7+ Kg8 0-1

[Event "interzonal (w)"]
[Site "Havana CUB"]
[Date "1985.??.??"]
[Round "4"]
[White "Akhmilovskaya, Elena"]
[Black "Sakhatova, Gulnar"]
[Result "1-0"]
[WhiteElo "2245"]
[BlackElo "2070"]
[EventDate "1985.07.01"]
[PlyCount "117"]

1.d4 Nf6 2.c4 e6 3.Nf3 Bb4+ 4.Nbd2 d5 5.e3 c5 6.a3 Bxd2+ 7.Bxd2 cxd4 8.
Nxd4 O-O 9.cxd5 Qxd5 10.Qf3 e5 11.Qxd5 Nxd5 12.Nb5 Nc6 13.O-O-O Bg4 14.f3 
Bh5 15.e4 Nde7 16.Bc3 a6 17.Nd6 b5 18.Be2 f6 19.Rd2 Nc8 20.Rhd1 Nxd6 21.
Rxd6 Rfc8 22.Kb1 Bf7 23.g3 Bb3 24.Rc1 Nd8 25.Bd2 Rxc1+ 26.Kxc1 Ne6 27.Be3 
Kf8 28.Kd2 Ke7 29.Rb6 Rd8+ 30.Kc3 Bd1 31.Bxd1 Rxd1 32.Rxa6 Rf1 33.Rb6 Rxf3
34.Kd2 f5 35.exf5 Nc7 36.Bg5+ Kd7 37.f6 g6 38.Ke2 Rf5 39.h4 e4 40.Bd2 Nd5 
41.Rb7+ Kc6 42.Rxh7 Rxf6 43.Rh6 e3 44.Bc3 Rd6 45.Bb4 Rf6 46.h5 gxh5 47.
Rxf6+ Nxf6 48.Kxe3 Kd5 49.Kf4 Ne4 50.Bf8 Nd2 51.Bb4 Ne4 52.Ba5 Nc5 53.b4 
Ne4 54.Bc7 Kd4 55.Kf5 Kd5 56.Kg6 Kc4 57.Kxh5 Kb3 58.g4 Kxa3 59.Ba5 1-0

[Event "interzonal (w)"]
[Site "Havana CUB"]
[Date "1985.??.??"]
[Round "5"]
[White "Nutu, Daniela"]
[Black "Walker, Susan"]
[Result "1-0"]
[WhiteElo "2155"]
[BlackElo "2010"]
[EventDate "1985.07.01"]
[PlyCount "61"]

1.Nf3 e6 2.c4 Nf6 3.g3 b6 4.Bg2 Bb7 5.O-O Be7 6.Nc3 O-O 7.d4 d5 8.Ne5 Qc8 
9.cxd5 Nxd5 10.Nxd5 Bxd5 11.e4 Bb7 12.Bf4 f6 13.Nd3 Rd8 14.Rc1 c5 15.dxc5 
Nc6 16.cxb6 axb6 17.Rc3 Qd7 18.Qb1 e5 19.Be3 Ba6 20.Rd1 Bb4 21.Rxc6 Bxd3 
22.Qc1 Bc5 23.Rxb6 Bxb6 24.Bxb6 Rdb8 25.Bc5 Qb5 26.Qe3 Rd8 27.a4 Rxa4 28.
Bf1 Rc8 29.Rxd3 Qxc5 30.Rd8+ Kf7 31.Rxc8 1-0

[Event "interzonal (w)"]
[Site "Havana CUB"]
[Date "1985.??.??"]
[Round "5"]
[White "Vokralova, Stepanka"]
[Black "Cramling, Pia"]
[Result "1-0"]
[WhiteElo "2175"]
[BlackElo "2400"]
[EventDate "1985.07.01"]
[PlyCount "78"]

1.d4 Nf6 2.Nf3 g6 3.Bg5 Bg7 4.Nbd2 O-O 5.e4 d6 6.c3 h6 7.Bh4 Nh5 8.Bc4 c6 
9.a4 a5 10.O-O Na6 11.Ne1 Nf6 12.Qe2 Nc7 13.Nd3 b5 14.Bb3 g5 15.Bg3 Bg4 
16.f3 Bh5 17.Rfe1 Nd7 18.Nf1 Nb6 19.axb5 cxb5 20.Ne3 e6 21.Bf2 Kh8 22.e5 
f5 23.exf6 Bxf6 24.Nf1 Bg6 25.Ng3 Nbd5 26.Ne4 Be7 27.Bc2 Qe8 28.Qd2 Qf7 
29.b3 Nf4 30.Nxf4 gxf4 31.c4 b4 32.g4 fxg3 33.Bxg3 Kh7 34.Nxd6 Bxd6 35.
Bxd6 Rg8 36.Bg3 h5 37.Re5 Bf5 38.Raxa5 Rxg3+ 39.hxg3 Bxc2 1-0

[Event "interzonal (w)"]
[Site "Havana CUB"]
[Date "1985.??.??"]
[Round "6"]
[White "Sakhatova, Gulnar"]
[Black "Shterenberg, Nava"]
[Result "1-0"]
[WhiteElo "2070"]
[BlackElo "2135"]
[EventDate "1985.07.01"]
[PlyCount "57"]

1.d4 Nf6 2.c4 c5 3.d5 b5 4.Nf3 Bb7 5.Qc2 d6 6.e4 b4 7.Be2 g6 8.e5 dxe5 9.
Nxe5 Bg7 10.Nd3 Nbd7 11.Be3 Rc8 12.Nd2 O-O 13.Nb3 Nxd5 14.cxd5 c4 15.Nxb4 
cxb3 16.Qxb3 Nc5 17.Qa3 Qd6 18.Rd1 a5 19.Nc6 Bxc6 20.Bxc5 Qd7 21.dxc6 Qxc6
22.Bd4 e5 23.Bf3 Qc2 24.Be3 Qf5 25.Qa4 Qe6 26.O-O Rc4 27.Qd7 Qxd7 28.Rxd7 
e4 29.b3 1-0

[Event "interzonal (w)"]
[Site "Havana CUB"]
[Date "1985.??.??"]
[Round "6"]
[White "Alexandria, Nana"]
[Black "Frometa Castillo, Zirka"]
[Result "1-0"]
[WhiteElo "2275"]
[BlackElo "2090"]
[EventDate "1985.07.01"]
[PlyCount "45"]

1.d4 Nf6 2.c4 e6 3.Nf3 Bb4+ 4.Nbd2 b6 5.a3 Bxd2+ 6.Qxd2 O-O 7.g3 Bb7 8.Bg2
d6 9.O-O Nbd7 10.b4 Qe7 11.Bb2 Rad8 12.Rad1 Ne4 13.Qc2 f5 14.d5 exd5 15.
cxd5 Ndf6 16.Nd4 Nxd5 17.Nxf5 Rxf5 18.Bxe4 Rh5 19.Bf3 Re5 20.h4 Rf8 21.
Bxe5 Qxe5 22.Qc4 c6 23.Bxd5+ 1-0

[Event "interzonal (w)"]
[Site "Havana CUB"]
[Date "1985.??.??"]
[Round "7"]
[White "Ioseliani, Nana"]
[Black "Sakhatova, Gulnar"]
[Result "0-1"]
[WhiteElo "2275"]
[BlackElo "2070"]
[EventDate "1985.07.01"]
[PlyCount "85"]

1.e4 c5 2.Nf3 d6 3.d4 cxd4 4.Nxd4 Nf6 5.Nc3 a6 6.Be2 e5 7.Nb3 Be7 8.O-O 
O-O 9.Re1 Nbd7 10.a4 b6 11.Nd2 Bb7 12.Bc4 Rc8 13.Qe2 Nc5 14.f3 Re8 15.Rd1 
Qc7 16.b3 Ne6 17.Nf1 Nd4 18.Qd3 Red8 19.Ne3 b5 20.axb5 axb5 21.Nxb5 Nxb5 
22.Bxb5 d5 23.Qe2 dxe4 24.fxe4 Rxd1+ 25.Nxd1 Bxe4 26.Bc4 Bb7 27.Be3 Rd8 
28.Qf2 Qc6 29.h3 h6 30.Nc3 Bb4 31.Rd1 Rxd1+ 32.Nxd1 Qd7 33.Nb2 Nd5 34.Nd3 
Bc3 35.Nc5 Qc7 36.Bxd5 Bxd5 37.Na4 Ba5 38.Bc5 Qb7 39.b4 Bxb4 40.Bb6 Bc6 
41.c3 Be7 42.Nb2 Bxg2 43.Nc4 0-1

[Event "interzonal (w)"]
[Site "Havana CUB"]
[Date "1985.??.??"]
[Round "8"]
[White "Akhmilovskaya, Elena"]
[Black "Vokralova, Stepanka"]
[Result "1-0"]
[WhiteElo "2245"]
[BlackElo "2175"]
[EventDate "1985.07.01"]
[PlyCount "37"]

1.d4 d5 2.c4 dxc4 3.Nf3 Nf6 4.Nc3 a6 5.e4 b5 6.e5 Nd5 7.a4 Bf5 8.Be2 Nb4 
9.O-O Nc2 10.Ra2 Nb4 11.Ra3 e6 12.axb5 Bc2 13.Qd2 Bb3 14.Qf4 Nd3 15.Bxd3 
Bxa3 16.Be4 Bxb2 17.Bxb2 c6 18.bxc6 Qc7 19.d5 1-0

[Event "interzonal (w)"]
[Site "Havana CUB"]
[Date "1985.??.??"]
[Round "8"]
[White "Veroci-Petronic, Zsuzsa"]
[Black "Walker, Susan"]
[Result "1-0"]
[WhiteElo "2280"]
[BlackElo "2010"]
[EventDate "1985.07.01"]
[PlyCount "51"]

1.e4 c5 2.Nf3 e6 3.d4 cxd4 4.Nxd4 Bc5 5.Nb3 Bb6 6.Nc3 Ne7 7.Bd3 Nbc6 8.Qe2
Ne5 9.Bg5 f6 10.Be3 O-O 11.O-O-O f5 12.exf5 Nxd3+ 13.Rxd3 Nxf5 14.Bxb6 
Qxb6 15.f4 a5 16.Rhd1 a4 17.Nd2 d5 18.g4 a3 19.b3 Nd6 20.f5 d4 21.Nf3 exf5
22.Rxd4 Nf7 23.Nd5 Qh6+ 24.g5 Nxg5 25.Rh4 Qe6 26.Ne7+ 1-0

[Event "interzonal (w)"]
[Site "Havana CUB"]
[Date "1985.??.??"]
[Round "8"]
[White "Cramling, Pia"]
[Black "Nutu, Daniela"]
[Result "1-0"]
[WhiteElo "2400"]
[BlackElo "2155"]
[EventDate "1985.07.01"]
[PlyCount "87"]

1.d4 d5 2.c4 c6 3.Nf3 Nf6 4.Nc3 a6 5.c5 Nbd7 6.Bf4 Nh5 7.Be3 Qc7 8.g3 g6 
9.Bg2 Bg7 10.O-O O-O 11.Qd2 e5 12.dxe5 Nxe5 13.Nxe5 Qxe5 14.Rad1 Qe7 15.
Bd4 Bxd4 16.Qxd4 Ng7 17.b4 a5 18.a3 axb4 19.axb4 Ra3 20.e4 Ne6 21.Qd2 d4 
22.Ne2 Rd8 23.Qb2 Ra4 24.Nxd4 Nxd4 25.Rxd4 Be6 26.Rfd1 Rda8 27.Rd6 h5 28.
h3 Kh7 29.Qd4 Qf8 30.Kh2 Qg7 31.e5 Ra2 32.Bf1 R8a3 33.Bd3 Rb3 34.Qf4 Rab2 
35.Rd4 Qh6 36.Qf6 Qg7 37.Qf4 Qh6 38.Qf3 Rxb4 39.Rd8 Qg7 40.Qxh5+ Qh6 41.
Rh8+ Kxh8 42.Qxh6+ Kg8 43.Bxg6 Rxf2+ 44.Kg1 1-0

[Event "interzonal (w)"]
[Site "Havana CUB"]
[Date "1985.??.??"]
[Round "10"]
[White "Sakhatova, Gulnar"]
[Black "Savereide, Diane"]
[Result "1-0"]
[WhiteElo "2070"]
[BlackElo "2185"]
[EventDate "1985.07.01"]
[PlyCount "53"]

1.d4 Nf6 2.c4 g6 3.Nc3 d5 4.cxd5 Nxd5 5.e4 Nxc3 6.bxc3 Bg7 7.Bc4 O-O 8.Ne2
c5 9.O-O Nc6 10.Be3 Qc7 11.Rc1 Rd8 12.f4 Na5 13.Bd3 Bg4 14.f5 cxd4 15.cxd4
Qd7 16.fxg6 hxg6 17.d5 e6 18.Qe1 b6 19.Qg3 Bxe2 20.Bxe2 e5 21.Bg5 Rf8 22.
Bf6 Qd6 23.Qh4 Rfc8 24.Be7 Qd7 25.Bg4 f5 26.Rxc8+ Rxc8 27.exf5 1-0

[Event "interzonal (w)"]
[Site "Havana CUB"]
[Date "1985.??.??"]
[Round "10"]
[White "Cramling, Pia"]
[Black "An Yangfeng"]
[Result "1-0"]
[WhiteElo "2400"]
[BlackElo "2050"]
[EventDate "1985.07.01"]
[PlyCount "55"]

1.e4 g6 2.d4 Bg7 3.Nc3 d6 4.Nge2 Nf6 5.g3 O-O 6.Bg2 c6 7.a4 a5 8.O-O e5 9.
h3 Na6 10.Be3 Qc7 11.Qd2 Re8 12.g4 b6 13.Ng3 Nb4 14.d5 Bb7 15.Rac1 Rad8 
16.Rfd1 c5 17.Nb5 Qe7 18.Bf1 Kh8 19.Bg5 Na6 20.Na3 Nb8 21.Bb5 Rg8 22.Nc4 
Qc7 23.Rf1 Rdf8 24.f4 Nbd7 25.fxe5 dxe5 26.Rf2 h6 27.Bxf6 Nxf6 28.Rxf6 1-0

[Event "interzonal (w)"]
[Site "Havana CUB"]
[Date "1985.??.??"]
[Round "10"]
[White "Alexandria, Nana"]
[Black "Nutu, Daniela"]
[Result "1/2-1/2"]
[WhiteElo "2275"]
[BlackElo "2155"]
[EventDate "1985.07.01"]
[PlyCount "145"]

1.d4 Nf6 2.c4 e6 3.Nf3 c5 4.d5 exd5 5.cxd5 d6 6.Nc3 g6 7.Nd2 Bg7 8.e4 O-O 
9.Be2 Na6 10.O-O Nc7 11.a4 b6 12.Nc4 Ba6 13.Bg5 h6 14.Bh4 Qd7 15.e5 Bxc4 
16.exf6 Bxe2 17.Qxe2 Rfe8 18.Qf3 Bf8 19.g4 a6 20.Bg3 b5 21.Bf4 bxa4 22.
Rxa4 Rab8 23.Bc1 Rb4 24.Rxb4 cxb4 25.Nd1 Re5 26.Ne3 Qb5 27.Rd1 b3 28.Rd4 
a5 29.Qd1 a4 30.Qd3 a3 31.Qxb5 Nxb5 32.Ra4 a2 33.Kf1 Nd4 34.h4 Rxe3 35.
Bxe3 Nc2 36.g5 a1=Q+ 37.Rxa1 Nxa1 38.Ke2 Nc2 39.Kd3 h5 40.Kc4 Na1 41.Bd2 
Kh7 42.Bb4 Kg8 43.Ba5 Kh7 44.Bc3 Kg8 45.Kb5 Nc2 46.Kc6 Kh7 47.Kd7 Kh8 48.
Kd8 Kh7 49.Ke8 Kg8 50.Kd7 Kh7 51.Kc7 Kh8 52.Kb6 Kg8 53.Kb5 Kh7 54.Kc4 Na1 
55.Kd4 Nc2+ 56.Ke4 Kg8 57.Kf4 Kh7 58.Kf3 Kg8 59.Kg2 Kh7 60.Kg3 Kg8 61.Kh3 
Kh7 62.Kg3 Kg8 63.Kg2 Kh7 64.Kf3 Kg8 65.Ke4 Kh7 66.Kf4 Kg8 67.Kf3 Kh7 68.
Ke4 Kg8 69.Kd3 Kh7 70.Kc4 Na1 71.Be1 Kg8 72.Bb4 Kh7 73.Bd2 1/2-1/2

[Event "interzonal (w)"]
[Site "Havana CUB"]
[Date "1985.??.??"]
[Round "11"]
[White "Veroci-Petronic, Zsuzsa"]
[Black "Cramling, Pia"]
[Result "1-0"]
[WhiteElo "2280"]
[BlackElo "2400"]
[EventDate "1985.07.01"]
[PlyCount "87"]

1.e4 Nf6 2.e5 Nd5 3.d4 d6 4.Nf3 Bg4 5.Be2 c6 6.c4 Nb6 7.Nbd2 N8d7 8.h3 
Bxf3 9.Nxf3 dxe5 10.dxe5 e6 11.O-O Qc7 12.Bf4 h6 13.Qc2 a5 14.a3 a4 15.
Rfe1 Bc5 16.Rad1 Nc8 17.Bd3 Ne7 18.Qe2 Bb6 19.Bc2 Nc5 20.Rd6 Nc8 21.Red1 
Qe7 22.R6d4 Ba5 23.Nd2 g5 24.Bg3 Bxd2 25.Qxd2 Nb6 26.Qb4 Nbd7 27.Rxd7 Nxd7
28.Qxb7 Rb8 29.Qxc6 Rxb2 30.Bxa4 O-O 31.Qxd7 Qxa3 32.Bb5 Ra8 33.h4 Ra2 34.
hxg5 hxg5 35.Bc6 Rb8 36.Qc7 Qf8 37.Qd6 Rc2 38.Bb5 Ra8 39.Qxf8+ Kxf8 40.Kh2
Kg7 41.Kh3 Ra3 42.Kg4 Kg6 43.Rd8 Re2 44.Rg8+ 1-0

[Event "interzonal (w)"]
[Site "Havana CUB"]
[Date "1985.??.??"]
[Round "12"]
[White "Ioseliani, Nana"]
[Black "Savereide, Diane"]
[Result "1-0"]
[WhiteElo "2275"]
[BlackElo "2185"]
[EventDate "1985.07.01"]
[PlyCount "65"]

1.e4 c5 2.Nf3 e6 3.d4 cxd4 4.Nxd4 Nf6 5.Nc3 d6 6.Be2 Be7 7.O-O O-O 8.f4 
Nc6 9.Be3 Bd7 10.a4 Nxd4 11.Bxd4 Bc6 12.Bd3 Qc7 13.Kh1 Nd7 14.Qh5 e5 15.
Be3 exf4 16.Bxf4 Bf6 17.e5 g6 18.exd6 Bxg2+ 19.Kxg2 Qxc3 20.bxc3 gxh5 21.
Rae1 Nc5 22.Bc4 Rad8 23.Be3 Nd7 24.Bh6 Bg7 25.Bg5 Ne5 26.Bxd8 Rxd8 27.Rxe5
Bxe5 28.Rxf7 Kh8 29.d7 Bc7 30.h3 Kg8 31.Re7+ Kf8 32.Rxh7 Be5 33.Rf7+ 1-0

[Event "interzonal (w)"]
[Site "Havana CUB"]
[Date "1985.??.??"]
[Round "12"]
[White "Akhmilovskaya, Elena"]
[Black "Walker, Susan"]
[Result "1-0"]
[WhiteElo "2245"]
[BlackElo "2010"]
[EventDate "1985.07.01"]
[PlyCount "97"]

1.d4 e6 2.c4 Bb4+ 3.Bd2 Qe7 4.Nf3 Nf6 5.g3 Nc6 6.Bg2 Bxd2+ 7.Nbxd2 d6 8.
O-O O-O 9.e4 e5 10.d5 Nb8 11.Ne1 c5 12.Nd3 g6 13.f4 Ng4 14.Qe2 f6 15.h3 
Nh6 16.Rf2 Nd7 17.f5 g5 18.Bf3 Qg7 19.Nf1 Kf7 20.Ne3 Nb6 21.Kh1 Ke7 22.b4 
cxb4 23.c5 dxc5 24.Nxc5 Nf7 25.Qb5 Nd6 26.Qxb4 g4 27.Nxg4 h5 28.Nh2 Nbc4 
29.Nf1 a5 30.Qb3 b6 31.Ne6 Bxe6 32.dxe6 a4 33.Qb4 h4 34.Nd2 Rfc8 35.Nxc4 
Rxc4 36.Qxb6 Rac8 37.g4 Qg5 38.Rd1 R8c6 39.Qb2 Rc1 40.Qd2 Rxd1+ 41.Bxd1 
Qxd2 42.Rxd2 Rc3 43.Kh2 Ra3 44.g5 fxg5 45.Bg4 Ne8 46.Rd7+ Kf8 47.e7+ Kg8 
48.Rd8 Rxa2+ 49.Kg1 1-0

[Event "interzonal (w)"]
[Site "Havana CUB"]
[Date "1985.??.??"]
[Round "14"]
[White "Alexandria, Nana"]
[Black "Cramling, Pia"]
[Result "1/2-1/2"]
[WhiteElo "2275"]
[BlackElo "2400"]
[EventDate "1985.07.01"]
[PlyCount "44"]

1.d4 Nf6 2.c4 e6 3.Nf3 c5 4.d5 exd5 5.cxd5 d6 6.Nc3 g6 7.e4 Bg7 8.Be2 O-O 
9.O-O Re8 10.Nd2 Na6 11.f3 Nc7 12.a4 b6 13.Nc4 Ba6 14.Bg5 h6 15.Be3 Qe7 
16.Qd2 Kh7 17.Rfe1 Nd7 18.Kh1 Rab8 19.b3 Qf6 20.Rec1 Qe7 21.Re1 Qf6 22.
Rec1 Qe7 1/2-1/2

[Event "interzonal (w)"]
[Site "Havana CUB"]
[Date "1985.??.??"]
[Round "14"]
[White "Sakhatova, Gulnar"]
[Black "An Yangfeng"]
[Result "0-1"]
[WhiteElo "2070"]
[BlackElo "2050"]
[EventDate "1985.07.01"]
[PlyCount "76"]

1.d4 Nf6 2.c4 e6 3.Nc3 c5 4.d5 exd5 5.cxd5 d6 6.e4 g6 7.Nf3 Bg7 8.Bg5 h6 
9.Bh4 g5 10.Bg3 Nh5 11.Bb5+ Kf8 12.e5 a6 13.Be2 Nd7 14.e6 Ndf6 15.O-O b5 
16.exf7 b4 17.Na4 Nxg3 18.fxg3 Ra7 19.a3 a5 20.axb4 axb4 21.Nd2 Nxd5 22.
Nc4 Bd4+ 23.Kh1 Rxf7 24.Rxf7+ Kxf7 25.Bh5+ Kg7 26.Qd3 Ne7 27.Nab6 Bf5 28.
Qf3 d5 29.Ra7 Rf8 30.Nxd5 Be4 31.Rxe7+ Qxe7 32.Nxe7 Bxf3 33.gxf3 Ra8 34.
Nf5+ Kf6 35.Nxd4 cxd4 36.Kg2 Rc8 37.b3 Rxc4 38.bxc4 b3 0-1

[Event "interzonal (w)"]
[Site "Havana CUB"]
[Date "1985.??.??"]
[Round "14"]
[White "Ioseliani, Nana"]
[Black "Nutu, Daniela"]
[Result "1-0"]
[WhiteElo "2275"]
[BlackElo "2155"]
[EventDate "1985.07.01"]
[PlyCount "101"]

1.e4 c5 2.Nf3 d6 3.d4 Nf6 4.Nc3 cxd4 5.Nxd4 Nc6 6.Bc4 Qb6 7.Nb3 e6 8.Bg5 
Ne5 9.Be2 Be7 10.Be3 Qc7 11.f4 Nc4 12.Nb5 Qc6 13.Bxc4 Qxc4 14.Qd3 Qc6 15.
O-O-O O-O 16.Nc3 Qc7 17.Rhg1 a6 18.g4 b5 19.g5 Nd7 20.Qd4 Rd8 21.h4 Bf8 
22.h5 Bb7 23.g6 fxg6 24.hxg6 h6 25.f5 e5 26.Qd2 Nf6 27.Bg5 b4 28.Nd5 Bxd5 
29.Bxf6 Bxe4 30.Bxd8 Qxd8 31.Qxb4 d5 32.Qxe4 dxe4 33.Rxd8 Rxd8 34.Rd1 Re8 
35.Re1 Be7 36.Rxe4 Bg5+ 37.Kd1 h5 38.Nc5 Rd8+ 39.Nd3 h4 40.Ke2 h3 41.Kf3 
h2 42.Kg2 Rc8 43.c4 Rd8 44.Rxe5 Kf8 45.Rd5 Rxd5 46.cxd5 Ke7 47.Nc5 Bf4 48.
Ne4 Be5 49.b4 Ke8 50.a4 Ke7 51.b5 1-0

[Event "interzonal (w)"]
[Site "Havana CUB"]
[Date "1985.??.??"]
[Round "14"]
[White "Akhmilovskaya, Elena"]
[Black "Veroci-Petronic, Zsuzsa"]
[Result "1-0"]
[WhiteElo "2245"]
[BlackElo "2280"]
[EventDate "1985.07.01"]
[PlyCount "91"]

1.d4 Nf6 2.c4 g6 3.g3 Bg7 4.Bg2 O-O 5.Nc3 d6 6.Nf3 Nc6 7.O-O a6 8.h3 Rb8 
9.e4 b5 10.e5 dxe5 11.dxe5 Qxd1 12.Rxd1 Nd7 13.e6 fxe6 14.cxb5 axb5 15.Bf4
Nde5 16.Nxe5 Nxe5 17.Re1 Nd3 18.Bxc7 Nxe1 19.Rxe1 Bd7 20.Rd1 b4 21.Bxb8 
bxc3 22.bxc3 Ba4 23.Rb1 Bxc3 24.Bf4 Rd8 25.Bf1 Kf7 26.Bc4 Rd4 27.Be2 Rb4 
28.Rxb4 Bxb4 29.Be5 Ke8 30.h4 Kd7 31.f4 Be1 32.Kh2 Kc6 33.Bc4 Kd7 34.Kh3 
Bf2 35.Bd3 Kc6 36.g4 Kd5 37.h5 Be8 38.h6 Be1 39.Bc2 Bf7 40.Kg2 Bh4 41.Kf3 
Bf6 42.Bb3+ Kc5 43.Bxf6 exf6 44.f5 gxf5 45.gxf5 Bh5+ 46.Ke4 1-0

[Event "interzonal (w)"]
[Site "Havana CUB"]
[Date "1985.??.??"]
[Round "15"]
[White "Walker, Susan"]
[Black "Ioseliani, Nana"]
[Result "1-0"]
[WhiteElo "2010"]
[BlackElo "2275"]
[EventDate "1985.07.01"]
[PlyCount "80"]

1.e4 b6 2.d4 Bb7 3.Bd3 e6 4.Nf3 c5 5.c3 Nf6 6.Qe2 Be7 7.O-O Nc6 8.a3 d6 9.
Bg5 h6 10.Bc1 Qc7 11.b4 d5 12.e5 Ne4 13.Bb2 O-O 14.Nbd2 Nxd2 15.Nxd2 f5 
16.exf6 Rxf6 17.f4 Nd8 18.g3 Nf7 19.Rae1 Re8 20.Bb1 Nd6 21.Rf3 Qc6 22.Re3 
Bf8 23.Qd3 Nf5 24.R3e2 Rc8 25.g4 c4 26.Qc2 Nxd4 27.Qh7+ Kf7 28.cxd4 c3 29.
Nf3 Bd6 30.Bc1 Ba6 31.Rf2 c2 32.Bxc2 Qc3 33.g5 hxg5 34.Nxg5+ Ke8 35.Rd1 
Bf8 36.Qh5+ Ke7 37.Qf3 Qxf3 38.Nxf3 Rc3 39.Ne5 Kd6 40.Bb2 Re3 1-0

[Event "interzonal (w)"]
[Site "Havana CUB"]
[Date "1985.??.??"]
[Round "15"]
[White "Nutu, Daniela"]
[Black "Frometa Castillo, Zirka"]
[Result "0-1"]
[WhiteElo "2155"]
[BlackElo "2090"]
[EventDate "1985.07.01"]
[PlyCount "102"]

1.Nf3 Nf6 2.c4 e6 3.g3 d5 4.Bg2 dxc4 5.Qc2 Be7 6.Qxc4 O-O 7.d4 Nbd7 8.O-O 
Nb6 9.Qc2 c6 10.e4 Bd7 11.Nbd2 Rc8 12.Nb3 c5 13.dxc5 Na4 14.Ne5 Bb5 15.Rd1
Qc7 16.Nd3 Nd7 17.Bf4 e5 18.Be3 Rfd8 19.Nb4 Bf8 20.Nd5 Qb8 21.Bh3 b6 22.
Rd2 bxc5 23.Na5 c4 24.Rad1 Nac5 25.Bxc5 Bxc5 26.a4 Ba6 27.Bxd7 Rxd7 28.
Nf6+ gxf6 29.Rxd7 Qb6 30.Qd2 c3 31.Qd5 Rf8 32.Nc4 Bxf2+ 33.Kh1 Bxc4 34.
Qxc4 cxb2 35.Qa2 Qb4 36.Kg2 Bc5 37.Kf3 Bd4 38.Rc7 a5 39.Rc4 Qb6 40.Rb1 Rb8
41.Qa3 Kg7 42.Qd3 Qe6 43.g4 h5 44.h3 hxg4+ 45.hxg4 Rh8 46.Kg3 f5 47.exf5 
Qh6 48.Rxd4 Qh2+ 49.Kf3 Rh3+ 50.Ke4 Rxd3 51.Rxd3 Qe2+ 0-1

[Event "interzonal (w)"]
[Site "Havana CUB"]
[Date "1985.??.??"]
[Round "15"]
[White "De Armas Perez, Asela"]
[Black "Alexandria, Nana"]
[Result "0-1"]
[WhiteElo "2050"]
[BlackElo "2275"]
[EventDate "1985.07.01"]
[PlyCount "70"]

1.e4 c5 2.Nf3 e6 3.d4 cxd4 4.Nxd4 a6 5.Nc3 Qc7 6.g3 Nf6 7.Bg2 Be7 8.O-O 
O-O 9.Re1 d6 10.a4 Nc6 11.Nxc6 bxc6 12.b3 Bb7 13.Bb2 Rad8 14.Qe2 Nd7 15.f4
Bf6 16.Nd1 Bxb2 17.Nxb2 e5 18.Nd3 Rfe8 19.Qf2 Nf6 20.Rad1 Nd7 21.c4 c5 22.
fxe5 Nxe5 23.Nxe5 dxe5 24.Rxd8 Rxd8 25.Rf1 Rd3 26.Bh3 Bxe4 27.Bg2 Bxg2 28.
Qxg2 Rxb3 29.Qa8+ Rb8 30.Qxa6 Qd7 31.Rf2 h5 32.h4 e4 33.Kg2 e3 34.Ra2 Qd3 
35.Qa7 Re8 0-1